01441 2200541 4500001002100000005001700021006001900038008004100057020002200098035002500120082001000145090001600155100001800171245005100189250001000240260003100250990001800281990002000299990002000319990002000339990002000359990002000379990002000399990002000419990002000439990002000459990002000479990002000499990002000519990002000539990002000559990002000579990002000599990002000619990002000639990002000659990002000679990002000699990002000719990002000739990002000759990002000779990002000799990002000819990002000839990002000859990002000879INLIS00000000001153020160624114144.0a ||| | 180719| ||| |  a978-602-251-241-7 a0010-0616000000000810 a790.1 a790.1 ARI k0 aARI WULANDARI00aKISAH 1001 GAME PERMAINAN PALING SERU DI DUNIA aCet.1 aJAKARTAbPT GRASINDOc2012 a14683/PC/2016 a014.670/PC/2016 a014.668/PC/2016 a014.669/PC/2016 a014.668/PC/2016 a014.669/PC/2016 a014.670/PC/2016 a014.668/PC/2016 a014.669/PC/2016 a014.670/PC/2016 a014.670/PC/2016 a014.668/PC/2016 a014.669/PC/2016 a014.668/PC/2016 a014.669/PC/2016 a014.670/PC/2016 a014.669/PC/2016 a014.668/PC/2016 a014.670/PC/2016 a014.670/PC/2016 a014.668/PC/2016 a014.669/PC/2016 a014.670/PC/2016 a014.668/PC/2016 a014.669/PC/2016 a014.668/PC/2016 a014.669/PC/2016 a014.670/PC/2016 a014.668/PC/2016 a014.669/PC/2016 a014.670/PC/2016